Statistics for Name One Border for Each Country!

Click here to take the quiz!

General Stats

  • This quiz has been taken 165 times
  • The average score is 97 of 196

Answer Stats

COUNTRY BORDERING… % Correct
AfghanistanPakistan
99%
AlgeriaMorocco
95%
AndorraSpain
93%
AlbaniaGreece
92%
ArgentinaChile
90%
AustriaGermany
90%
BelarusRussia
88%
ArmeniaAzerbaijan
88%
AngolaDemocratic Republic of the Congo
87%
BelgiumFrance
87%
BrazilBolivia
87%
BoliviaBrazil
87%
BulgariaRomania
86%
BangladeshIndia
86%
Bosnia and HerzegovinaCroatia
85%
ChileArgentina
85%
ColombiaVenezuela
85%
AzerbaijanArmenia
85%
ChinaMongolia
85%
Central African RepublicDemocratic Republic of the Congo
85%
CanadaUnited States
84%
CambodiaVietnam
83%
BelizeGuatemala
82%
BurmaChina
82%
CroatiaBosnia and Herzegovina
82%
Costa RicaPanama
82%
BotswanaSouth Africa
82%
BhutanIndia
81%
Czech RepublicGermany
81%
ChadSudan
80%
BeninNigeria
79%
Australiano borders
78%
GermanyCzech Republic
78%
DenmarkGermany
78%
FinlandRussia
78%
Côte d'IvoireLiberia
77%
Barbadosno borders
77%
Bahamasno borders
77%
CameroonNigeria
77%
FranceBrazil
77%
DjiboutiEthiopia
77%
Democratic Republic of the CongoAngola
76%
Burkina FasoMali
76%
EgyptSudan
76%
El SalvadorHonduras
75%
EcuadorPeru
75%
Antigua and Barbudano borders
75%
Cubano borders
75%
Cape Verdeno borders
75%
GeorgiaRussia
75%
BurundiTanzania
75%
BruneiMalaysia
75%
EthiopiaSomalia
74%
EstoniaLatvia
74%
EritreaEthiopia
74%
Dominican RepublicHaiti
74%
GreeceBulgaria
73%
Fijino borders
73%
Bahrainno borders
73%
East TimorIndonesia
72%
Comorosno borders
72%
GuatemalaMexico
72%
Cyprusno borders
72%
IndiaBangladesh
71%
Dominicano borders
71%
Federated States of Micronesiano borders
71%
GambiaSenegal
70%
IranIraq
69%
HaitiDominican Republic
69%
GuyanaBrazil
69%
HungarySlovakia
69%
IsraelJordan
69%
Grenadano borders
69%
ItalySwitzerland
68%
IraqIran
68%
HondurasNicaragua
68%
IrelandUnited Kingdom
67%
Equatorial GuineaGabon
67%
JordanSaudi Arabia
66%
Icelandno borders
66%
KenyaUganda
65%
KazakhstanRussia
65%
IndonesiaMalaysia
65%
Jamaicano borders
64%
GabonRepublic of the Congo
64%
KosovoSerbia
64%
Guinea-BissauGuinea
63%
GuineaMali
63%
GhanaTogo
63%
KuwaitIraq
62%
Japanno borders
62%
Kiribatino borders
61%
LaosVietnam
60%
LebanonSyria
59%
LatviaLithuania
59%
KyrgyzstanUzbekistan
57%
LesothoSouth Africa
56%
LiberiaCôte d'Ivoire
50%
LibyaEgypt
49%
LithuaniaBelarus
48%
LiechtensteinSwitzerland
48%
LuxembourgBelgium
47%
Madagascarno borders
46%
MacedoniaGreece
46%
Marshall Islandsno borders
44%
Maltano borders
43%
Maldivesno borders
42%
MexicoUnited States
41%
Mauritiusno borders
41%
MalaysiaIndonesia
41%
MaliMauritania
41%
MauritaniaMali
40%
MalawiMozambique
40%
MoldovaUkraine
39%
MontenegroBosnia and Herzegovina
37%
MoroccoAlgeria
37%
MongoliaChina
37%
MonacoFrance
37%
MozambiqueMalawi
36%
NamibiaAngola
35%
New Zealandno borders
34%
NepalIndia
34%
Nauruno borders
34%
NetherlandsGermany
33%
NicaraguaHonduras
32%
NigerNigeria
31%
North KoreaChina
31%
NigeriaCameroon
31%
OmanSaudi Arabia
29%
NorwaySweden
29%
PolandCzech Republic
28%
PanamaCosta Rica
27%
Palauno borders
27%
PakistanIndia
27%
Papua New GuineaIndonesia
26%
RussiaKazakhstan
26%
San MarinoItaly
25%
São Tomé and Príncipeno borders
25%
RomaniaBulgaria
25%
RwandaBurundi
25%
PortugalSpain
25%
PeruBrazil
25%
ParaguayArgentina
25%
Philippinesno borders
25%
QatarSaudi Arabia
25%
Samoano borders
24%
Saudi ArabiaYemen
24%
Saint Luciano borders
24%
Republic of the CongoDemocratic Republic of the Congo
24%
Saint Kitts and Nevisno borders
24%
SlovakiaHungary
23%
SerbiaRomania
23%
Saint Vincent and the Grenadinesno borders
23%
SenegalMauritania
23%
Seychellesno borders
22%
South AfricaBotswana
22%
Singaporeno borders
22%
South KoreaNorth Korea
22%
SomaliaEthiopia
21%
SloveniaCroatia
21%
Sierra LeoneGuinea
21%
Solomon Islandsno borders
21%
South SudanSudan
20%
SpainPortugal
19%
SudanSouth Sudan
18%
Sri LankaIndia (uncertain)
18%
SwedenNorway
17%
SwazilandSouth Africa
17%
SurinameGuyana
17%
SyriaTurkey
16%
SwitzerlandItaly
16%
Taiwanno borders
14%
TanzaniaKenya
13%
ThailandBurma
12%
TajikistanAfghanistan
12%
Vatican CityItaly
11%
TogoGhana
11%
United KingdomIreland
10%
United StatesCanada
10%
Vanuatuno borders
10%
UzbekistanKazakhstan
10%
UruguayBrazil
10%
United Arab EmiratesSaudi Arabia
10%
Tongano borders
10%
Trinidad and Tobagono borders
10%
Tuvaluno borders
9%
VenezuelaBrazil
9%
UkraineRussia
9%
UgandaKenya
9%
TunisiaAlgeria
9%
TurkmenistanUzbekistan
9%
TurkeySyria
9%
ZambiaDemocratic Republic of the Congo
8%
VietnamLaos
8%
YemenSaudi Arabia
8%
ZimbabweMozambique
7%

Score Distribution

Percentile by Number Answered

Percent of People with Each Score

Your Score History

You have not taken this quiz